000 00533cam a2200217ua 4500
020 _c7.25
041 _amal
_h
082 _a631.417
_bYOG/SU
100 _aYogesan, J .
245 _aSushmamugulakangal krishiyil /
_cJ Yogesan.
_hTextual Documents
250 _a1 /
_b.
260 _aThiruvananthapuram :
_bState Instititute of Languages ,
_c1957.
300 _a ; .
365 _a7.25
504 _a
942 _cBK
999 _c5396
_d5396